Name Chains #5 – 5 in a row - Statistics

General Stats
  • This quiz has been taken 106 times
    78 since last reset
  • The average score is 27 of 111
Answer Stats
Hint Answer % Correct
F{rank}
93%
R{uth}
84%
L{uther}
72%
G{uy}
71%
B{ill}
66%
G{eorge}
66%
M{arie}
66%
M{artin}
60%
J{ackson}
51%
G{lenn}
49%
G{race}
49%
H{enry}
49%
J{ames}
49%
H{u}
46%
L{ennox}
46%
J{oe}
44%
L{ewis}
44%
P{aul}
44%
A{nna}
41%
D{avid}
41%
G{abriel}
40%
K{elly}
40%
L{auren}
40%
M{iranda}
40%
P{arker}
40%
A{dam}
37%
L{amar}
34%
P{enn}
34%
L{ee}
32%
A{nderson}
31%
L{ouis}
29%
S{imon}
29%
B{ryan}
28%
D{uncan}
28%
K{endrick}
28%
M{adison}
28%
M{ichele}
28%
G{il}
26%
R{ichard}
26%
C{arroll}
25%
S{cott}
25%
H{arrison}
24%
H{erbert}
24%
G{ordon}
22%
R{idley}
22%
. A{rcher}
21%
B{ell}
21%
B{enjamin}
21%
L{aurence}
21%
O{livier}
21%
P{iper}
19%
R{amsay}
18%
A{lexander}
16%
S{pencer}
16%
T{iffany}
16%
C{arson}
15%
A{rthur}
13%
W{ilson}
13%
F{ranco}
12%
S{tan}
12%
A{rnold}
10%
W{alter}
10%
A{braham}
9%
A{llyson}
9%
C{liff}
9%
G{raham}
9%
H{olly}
9%
O{tto}
9%
T{ito}
9%
L{ambert}
7%
L{incoln}
7%
M{organ}
7%
A{lexandra}
6%
B{urton}
6%
D{ennis}
6%
F{erry}
6%
G{ilbert}
6%
G{ottfried}
6%
I{rwin}
6%
L{aurie}
6%
R{oberto}
6%
B{ernard}
4%
C{arlos}
4%
D{rake}
4%
J{esus}
4%
F{elix}
3%
G{ilberto}
3%
G{ustavo}
3%
L{ara}
3%
L{uiz}
3%
M{arius}
3%
V{icente}
3%
D{omingo}
1%
L{udwig}
1%
M{oya}
1%
P{lacido}
1%
R{andolph}
1%
S{ilva}
1%
E{rhard}
0%
E{rnst}
0%
F{abian}
0%
F{aure}
0%
N{icolai}
0%
No matching quizzes found
Score Distribution
Percent of People with Each Score
Percentile by Number Answered
Your Score History
You have not taken this quiz since the last reset